000 00648cab a2200205 4500
001 ABS41338
008 090401t1989 xxu||||| |||| 00| 0 eng d
035 _a(Sirsi) u29625
041 _aeng
100 _aRogers, R.
245 _aConstructive predictions
260 _c1989
350 _a0
490 _aContract Journal
_v351(5734) 7 September 1989, 24(1)
520 _aExamines the workload prospects for the construction industry in the light of rising interest rates and concludes that the outlook is not as bleak as it may at first look.
650 _aFORECASTS
690 _aBUILT ENVIRONMENT
942 _n0
948 _c04/03/1997
999 _c19932
_d19932